مكتبة جامعة عجلون الوطنية

فهرس بحث المكتبة

Normal view MARC view
  • اعداد البوريشة، لينا خالد كامل؛ اشراف احمد حسن القضاة

Entry Personal Name

Number of records used in: 1

001 - CONTROL NUMBER

  • control field: 57591

003 - CONTROL NUMBER IDENTIFIER

  • control field: JO-AjAnu

005 - DATE AND TIME OF LATEST TRANSACTION

  • control field: 20230606083429.0

008 - FIXED-LENGTH DATA ELEMENTS

  • fixed length control field: 230606|| aca||aabn | a|a d

040 ## - CATALOGING SOURCE

  • Original cataloging agency: JO-AjAnu
  • Transcribing agency: JO-AjAnu

100 ## - HEADING--PERSONAL NAME

  • Personal name: اعداد البوريشة، لينا خالد كامل؛ اشراف احمد حسن القضاة

670 ## - SOURCE DATA FOUND

  • Source citation: Work cat.: (JO-AjAnu)29386: اعداد البوريشة، لينا خالد كامل؛ اشراف احمد حسن القضاة, author, اثر استخدام انموذج ديفيس في تعلم الهندسة واتجاهات طلية الصف الثامن الاساسي في الاردن نحوها=The Effect of using Davis Model on Learning Geometry and the Attitudes of the Eighth Basic Students in Jordon Towards it